Đại tướng Hoàng Văn Thái với chiến dịch Điện Biên Phủ

সংরক্ষণ করুন:
গ্রন্থ-পঞ্জীর বিবরন
প্রধান লেখক: Hoàng Văn Thái
বিন্যাস: গ্রন্থ
ভাষা:Undetermined
প্রকাশিত: H. QĐND 2004
বিষয়গুলি:
ট্যাগগুলো: ট্যাগ যুক্ত করুন
কোনো ট্যাগ নেই, প্রথমজন হিসাবে ট্যাগ করুন!
Thư viện lưu trữ: Trung tâm Học liệu Trường Đại học Cần Thơ
LEADER 00564nam a2200193Ia 4500
001 CTU_59929
008 210402s9999 xx 000 0 und d
020 |b 54000 
082 |a 895.9223081 
082 |b Th103 
100 |a Hoàng Văn Thái 
245 0 |a Đại tướng Hoàng Văn Thái với chiến dịch Điện Biên Phủ 
245 0 |c Hoàng Văn Thái 
260 |a H. 
260 |b QĐND 
260 |c 2004 
650 |a historical fiction, vietnamese 
904 |i Minh 
980 |a Trung tâm Học liệu Trường Đại học Cần Thơ